=LDR 00000nam 2200000 4500 =001 $a INLIS000000000008526 =005 $a 20260625133113 =008 $a 260625###########################0#ind## =022 ##$$a - =035 ##$$a 0010-0626000153 =082 ##$$a 367.7 =084 ##$$a 367.7 KOM b =110 #$$a Komisi Perlindungan Anak indonesia =245 ##$$a Buku Petunjuk Pengisian Formulir Pengumpulan Data Dasar Anak $b - $c Komisi Perlindungan Anak indonesia =247 ##$$a =260 ##$$a Jakarta $b Komisi Perlindungan Anak indonesia $c 2006 =300 ##$$a 41 halaman $b ilus $c 21 cm $e - =310 ##$$a =321 ##$$a =520 #$$a =650 #$$a Perlindungan Anak =700 #$$a =856 ##$$a Perpustakaan kemendukbangga =Wor $a 1